Задремал тихий сад (Запись № 13651985)

Подробности
000 -МАРКЕР
контрольное поле 02779ncm0a2200469 4500
001 - ИДЕНТИФИКАТОР ЗАПИСИ
контрольное поле RU\NLR\ONIZ\309807
005 - ИДЕНТИФИКАТОР ВЕРСИИ
контрольное поле 20260409004045.0
035 ## - ДРУГИЕ СИСТЕМНЫЕ НОМЕРА
Идентификатор записи (NLR Aleph) 022774390
071 20 - ИЗДАТЕЛЬСКИЙ НОМЕР
Номер, присвоенный агентством Z. 296
100 ## - ДАННЫЕ ОБЩЕЙ ОБРАБОТКИ
Данные общей обработки 20260326d1889 u y0rusy50 ca
101 0# - ЯЗЫК РЕСУРСА
Язык текста, звукозаписи и т.д. русский
102 ## - СТРАНА ПУБЛИКАЦИИ ИЛИ ПРОИЗВОДСТВА
Страна публикации российская федерация
-- германия
125 ## - ПОЛЕ КОДИРОВАННЫХ ДАННЫХ: ЗВУКОЗАПИСИ И НОТНЫЕ ИЗДАНИЯ
Форма изложения нотного текста a|
128 ## - ПОЛЕ КОДИРОВАННЫХ ДАННЫХ: МУЗЫКАЛЬНАЯ ФОРМА, ТОНАЛЬНОСТЬ И ЛАД
Музыкальная форма gyp
145 0# - ПОЛЕ КОДИРОВАННЫХ ДАННЫХ: СРЕДСТВО ИСПОЛНЕНИЯ МУЗЫКАЛЬНОГО ПРОИЗВЕДЕНИЯ (УСТАРЕВШЕЕ)
Тип средства исполнения c
200 1# - ЗАГЛАВИЕ И СВЕДЕНИЯ ОБ ОТВЕТСТВЕННОСТИ
Основное заглавие Задремал тихий сад
Общее обозначение материала Ноты
Сведения, относящиеся к заглавию цыганский романс
-- canto [et] piano
Первые сведения об ответственности Барон Б - Б.
203 ## - ВИД СОДЕРЖАНИЯ И ТИП СРЕДСТВА
Вид содержания Музыка
Дополнительные сведения об издании знаковая
-- визуальная
Тип средства непосредственная
210 ## - ПУБЛИКАЦИЯ, РАСПРОСТРАНЕНИЕ И ДР.
Место издания, распространения и т.д. С.-Петербург
-- Лейпциг
-- Москва
Имя издателя, распространителя и т. д. Юлий Генрих Циммерман
Дата издания, распространения и т.д. ценз. 1889
215 ## - ФИЗИЧЕСКАЯ ХАРАКТЕРИСТИКА
Специфическое обозначение материала и объем 3 с.
Размеры 33 см
225 1# - СЕРИЯ
Основное заглавие серии Цыганския ночи
Сведения, относящиеся к заглавию собрание любимейших цыганских песен Н. И. Шишкина и др.
Обозначение тома № 20
225 1# - СЕРИЯ
Основное заглавие серии Издание Юлий Генрих Циммерманн
300 ## - ОБЩИЕ ПРИМЕЧАНИЯ
Текст примечания В загл. на тит. л.: Задремал тихий сад : цыганский вальс / соч. барона Бебе
300 ## - ОБЩИЕ ПРИМЕЧАНИЯ
Текст примечания Просп. сер.: тит. л.
313 ## - ПРИМЕЧАНИЯ, ОТНОСЯЩИЕСЯ К ТЕМАТИЧЕСКОМУ ДОСТУПУ
Текст примечания Систематизация документа проведена по изданию - Методика классифицирования музыкальных произведений (нотных изданий) по таблицам Библиотечно-библиографических классификаций : метод. рекомендации / Гос. б-ка СССР им. В.И. Ленина.- М., 1977. Индексу ББК методических рекомендаций присваивается код ББК для научных библиотек - LBC/SL
606 1# - НАИМЕНОВАНИЕ ТЕМЫ КАК ПРЕДМЕТ
Наименование темы Вокальная музыка русская
Хронологический подзаголовок 19 в.
Формальный подзаголовок Ноты
Код системы nlr_sh
606 1# - НАИМЕНОВАНИЕ ТЕМЫ КАК ПРЕДМЕТ
Наименование темы Цыганские романсы
Географический подзаголовок Россия
Хронологический подзаголовок 19 в.
Формальный подзаголовок Ноты
Код системы nlr_sh
606 1# - НАИМЕНОВАНИЕ ТЕМЫ КАК ПРЕДМЕТ
Наименование темы Цыганские вальсы
Географический подзаголовок Россия
Хронологический подзаголовок 19 в.
Формальный подзаголовок Ноты
Код системы nlr_sh
606 1# - НАИМЕНОВАНИЕ ТЕМЫ КАК ПРЕДМЕТ
Наименование темы Музыкальные произведения для голоса с фортепиано
Географический подзаголовок Россия
Хронологический подзаголовок 19 в.
Формальный подзаголовок Ноты
Код системы nlr_sh
606 1# - НАИМЕНОВАНИЕ ТЕМЫ КАК ПРЕДМЕТ
Наименование темы Романсы для голоса с фортепиано
Географический подзаголовок Россия
Хронологический подзаголовок 19 в.
Формальный подзаголовок Ноты
Код системы nlr_sh
686 0# - ИНДЕКСЫ ДРУГИХ КЛАССИФИКАЦИЙ
Индекс Щ943.4-42-043.32(28)
686 0# - ИНДЕКСЫ ДРУГИХ КЛАССИФИКАЦИЙ
Индекс Щ943.4-42-043.55(28)
700 #0 - ИМЯ ЛИЦА - ПЕРВИЧНАЯ ОТВЕТСТВЕННОСТЬ
Связь между полями z01790
Начальный элемент ввода Б. Б.
Дополнения к именам, кроме дат барон
-- псевдоним
Даты 2-я пол. 19 в.
Код отношения Композитор
Графика поля Кириллица
790 #0 - ИМЯ ЛИЦА - АЛЬТЕРНАТИВНАЯ ФОРМА
Связь между полями z01700
Начальный элемент ввода B. B.
Дополнения к именам, кроме дат le baron
Даты 2-я пол. 19 в.
Код отношения Композитор
Графика поля Латинская
801 #0 - ИСТОЧНИК ЗАПИСИ
Страна российская федерация
Организация NLR
Дата составления 20260326
Правила каталогизации PSBO
801 #1 - ИСТОЧНИК ЗАПИСИ
Страна российская федерация
Организация NLR
Дата составления 20260326
Источник данных rusmarc
801 #2 - ИСТОЧНИК ЗАПИСИ
Страна российская федерация
Организация NLR
Дата составления 20260326
852 ## - МЕСТОНАХОЖДЕНИЕ И ШИФР ХРАНЕНИЯ
Идентификатор организации NLR
Шифр хранения (Call Number) М К-4/6880
Идентификатор единицы 275800
Номер экземпляра 1
942 ## - ДОПОЛНИТЕЛЬНЫЕ ЭЛЕМЕНТЫ ЗАПИСИ (АБИС)
Тип экземпляра АБИС Ноты
980 ## - КОЛЛЕКЦИЯ
Название коллекции Отдел нот и звукозаписей
980 ## - КОЛЛЕКЦИЯ
Название коллекции Национальная библиография

Нет доступных экземпляров.